Economics and politics: has 9/11 changed anything?

Guardado en:
Detalles Bibliográficos
Otros Autores: Sergi, Bruno S., Bagatelas, William T.
Formato: Libro
Lenguaje:inglés
Publicado: Bratislava Iura Edition 2004
Colección:Ekonómia
Materias:
Etiquetas: Agregar Etiqueta
Sin Etiquetas, Sea el primero en etiquetar este registro!

MARC

LEADER 00000nam$a2200000$$$4500
001 0012534
005 20240313140914.7
020 |a 80-8078-007-2 
041 0 |a eng 
044 |a SK 
245 1 0 |a Economics and politics: has 9/11 changed anything?  |c editors: Bruno S. Sergi, William T. Bagatelas 
264 1 |a Bratislava  |b Iura Edition  |c 2004 
300 |a 384 s. 
490 1 |a Ekonómia 
830 0 |a Ekonómia 
610 2 0 |a politika medzinárodná 
610 2 0 |a diplomacia 
610 2 0 |a zbrane 
610 2 0 |a politika zahraničná 
610 2 0 |a zákony 
610 2 0 |a organizácie ekonomické medzinárodné 
610 2 0 |a zadlženosť zahraničná 
610 2 0 |a dane 
610 2 0 |a terorizmus 
610 2 0 |a demokracia 
610 2 0 |a kultúra 
610 2 0 |a Európska únia 
610 2 0 |a USA 
700 1 |a Sergi, Bruno S. 
700 1 |a Bagatelas, William T.